| 000 | 00752nam a22002657a 4500 | ||
|---|---|---|---|
| 999 |
_c200447924 _d66136 |
||
| 003 | TR-AnTOB | ||
| 005 | 20220307161245.0 | ||
| 007 | ta | ||
| 008 | 220307s2017 ||||| |||| 00| 0 tur d | ||
| 020 | _a9786055487911 | ||
| 040 |
_aTR-AnTOB _beng _cTR-AnTOB _erda |
||
| 041 | 0 | _atur | |
| 050 | _aPL234.D873 | ||
| 090 |
_aPL234.D873 _bS858 2017 |
||
| 100 |
_9135961 _aDuran, HM Alper, _d1982 _eauthor |
||
| 245 |
_aSultan Şehir’e şiir / _cHM Alper Duran. |
||
| 264 | 1 |
_aSivas: _bSivas Belediyesi, _c2017. |
|
| 300 |
_a126 pages ; _c21 cm. |
||
| 336 |
_2rdacontent _atext _btxt |
||
| 337 |
_2rdamedia _aunmediated _bn |
||
| 338 |
_2rdacarrier _avolume _bnc |
||
| 650 | 7 |
_2etuturkob _984273 _aTürk şiiri |
|
| 942 |
_2lcc _cBK |
||